000 00934nac a22003137a 4500
001 BR0402991
003 BR-BrBNA
005 20240105123017.0
008 230509b bl.|||m| |||| 00| 0 por d
040 _aBR-BrBNA
_bpor
_cBiblioteca Nacional de Agricultura
072 _aH10
090 _a0336 BR0402991
100 1 _aMarques, G.L.
110 1 _aCentro Nacional de Pesquisa de Trigo, Passo Fundo, RS (Brasil)
245 1 _aManejo de pragas na cultura da soja
260 3 _aPasso Fundo, RS (Brasil):
_c1978.
300 _a29 p.
490 _aComunicado Técnico - Centro Nacional de Pesquisa de Trigo (Brazil)
_vno. 2
_x
500 _a13 ref.
650 _aSOJA
650 _aINSETO
650 _aPRAGA DE PLANTA
650 _aINFESTAÇÃO
650 _aDINÂMICA POPULACIONAL
650 _aCONTROLE QUÍMICO
650 _aINSETICIDA
909 _a202312
_bLúcia Elande
_c55
_dLúcia Elande
942 _2AGRIS
_n0
_cMS
999 _c293626
_d293626